Luxembourg Immigration By Country - Statistics

General Stats
  • This quiz has been taken 49 times
  • The average score is 15 of 20
Answer Stats
Total Country % Correct
19,200 Belgium
98%
49,150 France
98%
3,990 Netherlands
98%
101,500 Portugal
95%
9,920 Spain
95%
2,240 United States
95%
12,800 Germany
93%
24,700 Italy
93%
3,610 United Kingdom
93%
6,540 Poland
90%
4,300 China
83%
5,600 Ukraine
78%
5,100 India
75%
4,560 Greece
70%
2,100 Morocco
68%
10,420 Brazil
63%
7,130 Romania
63%
3,130 Syria
60%
3,050 Cape Verde
25%
2,520 Eritrea
8%
No matching quizzes found
Score Distribution
Percent of People with Each Score
Percentile by Number Answered
Your Score History
You have not taken this quiz